Statistics for Words Ending in -LA

Click here to take the quiz!

General Stats

  • This quiz has been taken 44 times
  • The average score is 20 of 28

Answer Stats

Hint-LA Words% Correct
A carbonated soft drinkCola
90%
Boat commonly seen in VeniceGondola
90%
Capital of the PhilippinesManila
90%
Largest species of great apesGorilla
88%
Elon Musk car or NikolaTesla
88%
A usually fatal and contagious hemorrhagic fever first seen in AfricaEbola
85%
Hawaiian danceHula
85%
Australian marsupial{Koala} Bear
85%
Large, hairy spiderTarantula
85%
A stringed instrument of the violin familyViola
85%
MMR immunizationMeasles, Mumps, {Rubella}
80%
Scientific name for knee capPatella
80%
Malay city{Kuala} Lumpur
78%
Helps you fip pancakesSpatula
78%
Mexican liquor made from an agaveTequila
78%
Mexican flat breadTortilla
75%
Toyota's most popular car modelCorolla
70%
Fancy partyGala
70%
Land almost surrounded by water or projecting out into a body of waterPeninsula
70%
Long, thin and lateral bone of the lower legFibula
68%
Breakfast cereal of rolled oats, brown sugar or honey, dried fruit, and nutsGranola
65%
Shoulder boneScapula
60%
Simba's girlfriendNala
58%
New Orleans nick nameNOLA
45%
A French word meaning "See there!", used to draw attention to somethingVoila
45%
Mexican soap opera{Tela} Novela
40%
Mexican flat bread with cheeseQuesadilla
35%
Type of lettuceArugula
20%

Score Distribution

Percentile by Number Answered

Percent of People with Each Score

Your Score History

You have not taken this quiz